| 000 | 00963cam a2200217 4500 | ||
|---|---|---|---|
| 001 | WB3811-33 | ||
| 008 | 020319n2002 000 0 eng u | ||
| 035 | _a(Sirsi) u117170 | ||
| 245 | _aWinners and losers in farming | ||
| 260 | _c2002 | ||
| 490 |
_aFarmers' Weekly _v15 March 2002, 20(1) |
||
| 520 | _aA government backed study under the UK Climate Impact Programme predicts that over the next 50 years climate change may increase arable incomes but leave dairy farming less competitive. The study took two possible scenarios for East Anglia and north west England to 2050, taking account of possible changes in temperature and rainfall as well as socio-economic factors such as CAP reform and trade liberalisation. http://ww.ukcip.org.uk | ||
| 590 | _aWB | ||
| 650 | _aDAIRY FARMING | ||
| 650 | _aARABLE FARMING | ||
| 650 | _aCLIMATE CHANGE | ||
| 650 | _aFARMING INDUSTRY | ||
| 650 |
_aEnvironment _96238 |
||
| 690 |
_aRURAL _96268 |
||
| 942 | _n0 | ||
| 999 |
_c69808 _d69808 |
||